JRA/海外/交流G1勝利数が5勝以上の日本調教馬 - Statistics

General Stats
  • This quiz has been taken 42 times
  • The average score is 26 of 36
Answer Stats
勝利数 競走馬名 G1勝鞍 % Correct
アーモンドアイ (18)桜花/優牝/秋華/JC(19)ドバイターフ/天秋(20)VM/天秋/JC
94%
11勝 コパノリッキー (14)フェブS/かしわ/JBCクラ(15)フェブS/JBCクラ(16)かしわ/帝王/南部(17)かしわ/南部/東大
91%
ディープインパクト (05)皐月/優駿/菊花(06)天春/宝塚/JC/有馬
91%
ウオッカ (06)JF(07)優駿(08)安田/天秋(09)VM/安田/JC
91%
ジェンティルドンナ (12)桜花/優牝/秋華/JC(13)JC(14)ドバイシーマ/有馬
91%
キタサンブラック (15)菊花(16)天春/JC(17)大阪/天春/天秋/有馬
91%
スマートファルコン (10)JBCクラ/東大(11)帝王/JBCクラ/東大(12)川崎
91%
ゴールドシップ (12)皐月/菊花/有馬(13)宝塚(14)宝塚(15)天春
91%
イクイノックス (22)天秋/有馬(23)ドバイシーマ/宝塚/天秋/JC
91%
ドウデュース (21)朝日(22)優駿(23)有馬(24)天秋/JC
91%
7勝 シンボリルドルフ (84)皐月/優駿/菊花/有馬(85)天春/JC/有馬
88%
テイエムオペラオー (99)皐月(00)天春/宝塚/天秋/JC/有馬(01)天春
88%
オルフェーヴル (11)皐月/優駿/菊花/有馬(12)宝塚(13)有馬
88%
コントレイル (19)ホープS(20)皐月/優駿/菊花(21)JC
88%
10勝 ホッコータルマエ (13)かしわ/帝王/JBCクラ/東大(14)川崎/チャンC/東大(15)川崎/帝王(16)川崎
81%
ロードカナロア (12)スプS/香港スプリント(13)高松/安田/スプS/香港スプリント
81%
グランアレグリア (19)桜花(20)安田/スプS/MC(21)VM/MC
81%
5勝 ナリタブライアン (93)朝日(94)皐月/優駿/菊花/有馬
81%
6勝 アグネスデジタル (00)MC(01)南部/天秋/香港カップ(02)フェブS(03)安田
78%
レモンポップ (23)フェブS/南部/チャンC(24)さき/南部/チャンC
75%
アパパネ (09)阪神(10)桜花/優牝/秋華(11)VM
75%
モーリス (15)安田/MC/香港マイル(16)チャンピオンズマイル/天秋/香港カップ
72%
ブエナビスタ (08)阪神(09)桜花/優牝(10)VM/天秋(11)JC
69%
カネヒキリ (05)JDD/DG/JCダ(06)フェブS(08)JCダ/東大(09)川崎
66%
タイキシャトル (97)MC/スプS(98)安田/ジャックルマロワ賞/MC
66%
エスポワールシチー (09)かしわ/南部/JCダ(10)フェブS/かしわ(12)かしわ/南部(13)南部/JBCスプ
59%
メジロドーベル (96)阪神(97)優牝/秋華(98)エリ女(99)エリ女
59%
フリオーソ (06)2歳優(07)JDD(08)帝王(10)帝王(11)川崎/かしわ
56%
ダイワメジャー (04)皐月(06)天秋/MC(07)安田/MC
56%
9勝 ヴァーミリアン (07)川崎/JBCクラ/JCダ/東大(08)フェブS/JBCクラ(09)帝王/JBCクラ(10)川崎
50%
オメガパフューム (18)東大(19)帝王/東大(20)東大(21)東大
47%
アドマイヤドン (01)朝日(02)JBCクラ(03)南部/JBCクラ(04)フェブS/帝王/JBCクラ
44%
ゴールドドリーム (17)フェブS/チャンC(18)かしわ/帝王(19)かしわ
34%
ブルーコンコルド (05)JBCスプ(06)南部/JBCマイル/東大(07)かしわ/南部(08)南部
22%
タイムパラドックス (04)JCダ(05)川崎/帝王/JBCクラ(06)JBCクラ
22%
アジュディミツオー (04)東大(05)東大(06)川崎/かしわ/帝王
22%
No matching quizzes found
Score Distribution
Percent of People with Each Score
Percentile by Number Answered
Your Score History
You have not taken this quiz